00445nam a2200157Ia 4500008004100000020001800041082001700059100002000076245007600096250000800172260003500180300002300215500001900238600001500257650001500272240925s9999 xx 000 0 und d a9781780172903 a658.4039 CAT aChatham, Robina 4aThe Art of IT Management: practical tools techniques and peopkle skills a1st aNew Delhi:bViva Booksc,2015. a657p.b0fOriginal aIncludes Index aManagement aManagement